000 00951nam a2200253Ia 4500
003 OSt
005 20220923223504.0
006 a|||||r|||| 00| 0
007 ta
008 220922b |||||||| |||| 00| 0 san d
024 _a217,711
037 _cTextual
040 _aARTS
_cARTS
_bsan
041 _2san
_asan
082 _aR6946x4,1, 15K8;N7.1-.2
100 _aशास्त्री, द्वारिका दास, सम्प
245 0 _aतत्त्व संग्रह
_b शान्तरक्षित विरचित
246 _aTattva sangraha: shāntarakṣhit virachita
260 _aवाराणसी
_b बौद्ध भारती
_c1997
300 _a592पृ.
_ccm.
650 _aभारतीय दर्शन
942 _hR6946x4,1, 15K8;N7.1-.2
_cTEXL
_2CC
999 _c365686
_d365686